000 02609nam0a2200361 4500
001 RU\NLR\BIBL_A\022574064
005 20260129122435.0
010 _a978-5-9912-1062-1
_9500
035 _a(NLR Aleph) 022574064
090 _a13535269
_c13535269
100 _a20250626d2025 u y0rusy50 ca
101 0 _arus
102 _aRU
105 _aa j 000yy
181 0 _ai3
_baxxe
182 0 _an
200 1 _aВолоконная оптика и измерения в телекоммуникационных системах
_eучебное пособие для студентов вузов, обучающихся по направлениям подготовки "Инфокоммуникационные технологии и системы связи" (бакалавриат), "Инфокоммуникационные технологии и системы связи" (магистратура), а также для студентов технических вузов направлений подготовки группы 11.00.00 — "Электроника, радиотехника и системы связи" и по специальности 05.12.13 — "Системы, сети и устройства телекоммуникаций" (аспирантура)
_fЭ. Л. Портнов, О. В. Колесников, А. Л. Сенявский, Б. П. Хромой
203 _aТекст
_bвизуальный
_cнепосредственный
210 _aМосква
_cГорячая линия - Телеком
_d2025
215 _a439 с.
_cил., табл.
_d21
225 1 _aУчебное пособие для высших учебных заведений
_iСпециальность
320 _aБиблиогр. в конце разд.
606 1 _aВолоконная оптика
_jУчебные издания для высших учебных заведений
_91312744
_3RU\NLR\AUTH\66228222
606 1 _aВолоконно-оптические линии связи
_jУчебные издания для высших учебных заведений
_xПараметры
_xИзмерение
_91312837
_3RU\NLR\AUTH\66228282
686 1 _aЗ845.79я73-1
701 1 _aПортнов
_bЭ. Л.
_gЭдуард Львович
701 1 _aКолесников
_bО. В.
_gОлег Вячеславович
701 1 _aСенявский
_bА. Л.
_gАлександр Леонидович
701 1 _aХромой
_bБ. П.
_gБорис Петрович
942 _cBOOK
980 _aNB